LEADER 02041nam 2200409 450 001 000012966 005 20141023152407.0 010 $a0-674-99159-1$bvol. 3 010 $a0-434-99144-9$bvol. 3 100 $a20030507d--------km-y0itay0103----ba 101 2 $agrc$aeng 102 $aUS$aGB 200 1 $aLyra Graeca$ebeing the remains of all the Greek lyric poets from Eumelus to Timotheus excepting Pindar$ein three volumes$fnewly edited and translated by J. M. Edmonds 210 $aCambridge, Massachusetts$cHarvard University Press$aLondon$c<> Heinemann 215 $aVolumi$d17 cm 225 2 $a<> Loeb classical library 300 $aTraduzione inglese con testo greco a fronte 327 0 $aVol. III including Corinna, Bacchylides, Timotheus, the anonymus fragments, the folk-songs and the scolia with an account of Greek lyric poetry. - Revised edition. - 1980. - XII, 719 p. 410 0$12001$a<> Loeb classical library 676 $a884.0108$v(22. ed.)$9Poesia lirica greca classica. Periodo antico, fino al 499 ca. Raccolte 702 1$aEdmonds,$bJohn Maxwell 801 0$aIT$bUniversità della Basilicata - B.I.A.$gREICAT$2unimarc 912 $a000012966 996 $aLyra Graeca$980932 997 $aUNIBAS CAT $aSTD019$b01$c20030507$lBAS01$h1633 CAT $aDILEO$b21$c20041028$lBAS01$h1026 CAT $aDILEO$b21$c20041028$lBAS01$h1301 CAT $c20050601$lBAS01$h1755 CAT $abatch$b01$c20050718$lBAS01$h1051 CAT $c20050718$lBAS01$h1110 CAT $c20050718$lBAS01$h1140 CAT $c20050718$lBAS01$h1155 CAT $aBATCH$b00$c20070503$lBAS01$h1735 CAT $aEXT013$b01$c20141023$lBAS01$h1524 FMT Z30 -1$lBAS01$LBAS01$mBOOK$1BASA1$APolo Storico-Umanistico$2GEN$BCollezione generale$3Class/1014$614741$5L14741$820041028$b3$f02$FPrestabile Generale$hVol. III including Corinna, Bacchylides, Timotheus, the anonymus fragments, the folk-songs and the scolia with an account of Greek lyric poetry. - Revised edition. - 1980. - XII, 719 p.